Not just another business : (Record no. 5829)
[ view plain ]
| 000 -LEADER | |
|---|---|
| fixed length control field | 01519aam a2200241 4500 |
| 001 - CONTROL NUMBER | |
| control field | 6890 |
| 010 ## - LIBRARY OF CONGRESS CONTROL NUMBER | |
| LC control number | 94148348 |
| 020 ## - INTERNATIONAL STANDARD BOOK NUMBER | |
| International Standard Book Number | 1864030151 : |
| 082 00 - DEWEY DECIMAL CLASSIFICATION NUMBER | |
| Classification number | 079/.94 |
| Edition number | 20 |
| 100 ## - MAIN ENTRY--PERSONAL NAME | |
| Personal name | Schultz, Julianne. |
| Numeration | |
| Titles and words associated with a name | |
| Dates associated with a name | |
| Relator term | |
| Fuller form of name | |
| 245 00 - TITLE STATEMENT | |
| Title | Not just another business : |
| Remainder of title | journalists, citizens, and the media / |
| Statement of responsibility, etc. | edited by Julianne Schultz |
| 260 ## - PUBLICATION, DISTRIBUTION, ETC. | |
| Place of publication, distribution, etc. | Leichhardt, NSW : |
| Name of publisher, distributor, etc. | Pluto Press, National Centre for Australian Studies, Monash University, |
| Date of publication, distribution, etc. | 1994 |
| 300 ## - PHYSICAL DESCRIPTION | |
| Extent | 243 p. ; |
| Dimensions | 22 cm |
| 504 ## - BIBLIOGRAPHY, ETC. NOTE | |
| Bibliography, etc. note | Includes bibliographical references (p. 225-236) and index |
| 505 ## - FORMATTED CONTENTS NOTE | |
| Formatted contents note | CONTENTS: Preface -- A marketplace of ideas? -- Media convergence and the fourth estate -- The paradox of professionalism -- The paradox of professionalism -- The media and democracy: reclaiming an intellectual agenda -- But that's not the issue -- Bound for disappointment on the highway from heaven to hell -- Politics, news management & monopolies- a consumer issue? -- Diversity: rhetoric & reality -- At the cultural frontier -- Tabloid television -- Creating codes: journalism self-regulation -- Discovering a right to freedom of expression -- Reinventing journalism education- for journalists & citizens -- Sources -- Index. |
| Miscellaneous information | |
| Statement of responsibility | |
| Title | |
| 650 #0 - SUBJECT ADDED ENTRY--TOPICAL TERM | |
| Topical term or geographic name entry element | Freedom of information |
| Geographic subdivision | Australia |
| Topical term or geographic name entry element | Journalism |
| Geographic subdivision | Australia |
| Topical term or geographic name entry element | Mass media |
| General subdivision | Social aspects |
| Geographic subdivision | Australia |
| Topical term or geographic name entry element | Mass media criticism |
| Geographic subdivision | Australia |
| Topical term or geographic name entry element | Mass media policy |
| Geographic subdivision | Australia |
| 700 1# - ADDED ENTRY--PERSONAL NAME | |
| Personal name | Schultz, Julianne, |
| Dates associated with a name | 1956- |
No items available.